000 00730nam a2200241Ia 4500
003 OSt
005 20220925204919.0
006 a|||||r|||| 00| 0
007 ta
008 220923b |||||||| |||| 00| 0 eng d
037 _cGeneral Book
040 _aRTL
_cRTL
_beng
041 _2eng
_aeng
082 _aY33.73.N7, L8
100 _aSchaedel Richard P, and others Ed.
_9269270
245 0 _aUrbanization in the Americas, from its beginnings
260 _aHague
_bMouton
_c1978
300 _axii,676p
_ccm.
490 _aWorld Anthropology, Ed by Sol Tax
650 _aUrban Sociology
_934088
942 _hY33.73.N7, L8
_cGB
_2CC
999 _c550790
_d550790